| 000 | 00712nam a2200205Ia 4500 | ||
|---|---|---|---|
| 008 | 130821s1998 ag gr spa | ||
| 020 | _a9875170062 | ||
| 040 |
_aCo-BoUCM _bspa |
||
| 041 | 0 | 0 | _aspa |
| 100 | 1 |
_aKraut, Alfredo J. _9162285 |
|
| 245 | 1 | 0 |
_aResponsabilidad civil de los psiquiatras en el contexto de la práctica médica _cAlfredo J. Kraut |
| 260 |
_aBuenos Aires (Argentina) _bEdiciones La Rocca _c1998 |
||
| 300 | _a620 páginas | ||
| 504 | _aIncluye bibliografía. | ||
| 650 | 0 | 4 |
_aDerecho civil _912711 |
| 650 | 0 | 4 |
_aDerecho social _912830 |
| 650 | 0 | 4 |
_aResponsabilidad médica _xLegislación _923682 |
| 942 |
_cLIBRO _a8 _e1 _mK917r _2DEWEY _h344.041 |
||
| 999 |
_c47838 _d47838 |
||